Famous Movies 2010 - 2021 - Statistics

General Stats
  • This quiz has been taken 407 times
  • The average score is 7 of 12
Answer Stats
Year Hint Movie % Correct
2011 Chris Evans starts his almost 10 year career working for Marvel Captain America: The First Avenger
91%
2010 Disney's version of the story of Rapunzel Tangled
91%
2013 The Snow Queen turned into a Disney musical with Josh Gad Frozen
78%
2017 First female superhero movie (To do well) Wonder Woman
73%
2019 Tom Hanks and Tim Allen return in the fourth installment of Pixar's first film Toy Story 4
69%
2021 A director's cut of a 2017 DC superhero movie Zack Snyder's Justice League
51%
2015 Disney's return of Star Wars (That wasn't that good) The Force Awakens
47%
2016 Scarlett Johansson and others belt out songs in this Illumination film Sing
45%
2018 Benedict Cumberbatch takes on the role of this famous Christmas character The Grinch
45%
2012 The fourth installment in this famous Tom Cruise movie series Mission Impossible: Ghost Protocol
31%
2020 Robert Downey Jr.'s first non-Marvel film sense The Chef (2014) Dolittle
26%
2014 Clean (er) version of Passion of the Christ Son of God
3%
No matching quizzes found
Score Distribution
Percent of People with Each Score
Percentile by Number Answered
Your Score History
You have not taken this quiz